LEADER 00863nam a2200217 i 4500 001 000000252263 003 CaOOAMICUS 005 20161219000000.0 008 161219s1849 xx u000 u fre u 013 $a231168 040 $aSeMil$bita 100 1 $aCattaneo, Carlo <1801-1869>.$0(OLS)http://semarc/name/1342 245 12$aL'insurrection de Milan en 1848 /$cpar Charles Cattaneo. 260 $aBruxelles :$bAu frais de l' Editeur,$c1849. 300 $a190 p. ;$c18 cm. 650 4$aCinque giornate di Milano <1848>.$0(OLS)http://semarc/subject/12328 850 $aSeMil 852 $aSeMil$W1$xVenegono$y1$m3O I 46 FA$j202609$B202609$CSeMilBibl$Z2$F215363 $8I 961 $aRecupero: Altro 996 $6245$aL'insurrection de Milan en 1848$9(OLS)http://semarc/title/354527 996 $6260$aBruxelles :$bAu frais de l' Editeur$9(OLS)http://semarc/publisher/55494 LEADER 00818nam a2200217 i 4500 001 000000118269 003 CaOOAMICUS 005 20250318084704.0 008 030924n it u000 u fre u 013 $a90962 040 $aSeMil$bita 245 10$aProcès informatif ordinaire. 300 $aXXVI, 727 p. + Allegato :$bInterrogatoire des témoins. 490 0 $aBibliotheca carmelitica. Ser. 1., Textus ;$v2 500 $aIn preliminari : Dedica stampata in caratteri dorati al Card. C.M. Martini. 830 0$aBibliotheca carmelitica. Ser. 1., Textus ;$v2.$0(OLS)http://semarc/title/13228 850 $aSeMil 852 $aSeMil$W1$xVenegono$y1$m3H V 55$j73589$B73589$CSeMilBibl$Z2$F78065 $81 941 1 $a4 996 $6245$aProcès informatif ordinaire$9(OLS)http://semarc/title/173724